000 01015nam a22003017a 4500
001 BR2010001989
003 BR-BrBNA
005 20230928103251.0
007 ta
008 230509b bl.||||| |||| 00| 0 por d
040 _aBR-BrBNA
_bpor
_cBiblioteca Nacional de Agricultura
041 _a(Por)
072 _aF30
_b4110
090 _ 4110 BR2010001989
100 1 _aShishido, T.K.
110 1 _aCentro de Energia Nuclear na Agricultura, Piracicaba, SP (Brasil)
_0Tese (Mestre em Ciências)
245 1 _aAnálise fenotípica, genética e de bioatividade de isolados brasileiros de cianobactérias dos gêneros Fischerella e Hapalosiphon
260 3 _aPiracicaba, SP (Brasil):
_c2009.
300 _a134 p.
500 _aSummaries (Eng, Por); Bibliography p. 101-119; 16 illus.; 24 tables
650 _aBACTÉRIA
650 _aFOTOSSÍNTESE
650 _aFIXAÇÃO DE NITROGÊNIO
650 _aMEIO AMBIENTE
650 _aBIOLOGIA MOLECULAR
909 _a202309
_bLucia
_c55
_dLucia Elande
942 _cBK
999 _c74363
_d74363